Normal view
MARC view
Entry Personal Name
001 - CONTROL NUMBER
- control field: 8540
003 - CONTROL NUMBER IDENTIFIER
- control field: ARRUPE
005 - DATE AND TIME OF LATEST TRANSACTION
- control field: 20140207135647.0
008 - FIXED-LENGTH DATA ELEMENTS
- fixed length control field: 140207|| aca||aabn | a|a d
040 ## - CATALOGING SOURCE
- Original cataloging agency: ARRUPE
- Transcribing agency: ARRUPE
100 ## - HEADING--PERSONAL NAME
- Personal name: King, Marina,
- Dates associated with a name: 1856-
670 ## - SOURCE DATA FOUND
- Source citation: Work cat.: (ARRUPE)0: King, Marina, 1856-, Sunrise to evening star;, [1935]